000 00207nam a22000977a 4500
003 OSt
008 150319b xxu||||| |||| 00| 0 eng d
041 _aeng
245 1 0 _aAmerican Postal Markings
300 _a0 pages
999 _c1039
_d1039